000 00284nam a22001337a 4500
008 181006b xxu||||| |||| 00| 0 eng d
020 _a9780618333332
041 _aeng
080 _a941
100 _a17
101 _aHIS
245 _aThe Enduring Vision
_cBoyer
942 _2udc
_cBK
999 _c48945
_d48945